LEADER 00935nam0-22003131i-450- 001 990007538440403321 005 20060719101540.0 035 $a000753844 035 $aFED01000753844 035 $a(Aleph)000753844FED01 035 $a000753844 100 $a20030814d1935----km-y0itay50------ba 101 0 $aita 102 $aIT 105 $aa-------001yy 200 1 $aAl vento delle steppe$fV. Beonio-Brocchieri 210 $aMilano$cUlrico Hoepli$d1935 215 $aXII, 315 p., [6] c. di ill., [1] c. geogr. ripieg.$d19 cm 610 0 $aRussia$aViaggi e viaggiatori 610 0 $aRussia$aStoria 700 1$aBeonio-Brocchieri,$bVittorio$f<1902-1979>$0126277 702 1$aBeonio-Brocchieri,$bVittorio$f<1902-1979> 801 0$aIT$bUNINA$gRICA$2UNIMARC 901 $aBK 912 $a990007538440403321 952 $aG-01-034$bI.G. 2879$fILFGE 959 $aILFGE 996 $aAl vento delle steppe$9684896 997 $aUNINA LEADER 00887cam0-22003251i-450- 001 990004090860403321 005 20120307082209.0 010 $a88-420-2888-6 035 $a000409086 035 $aFED01000409086 035 $a(Aleph)000409086FED01 035 $a000409086 100 $a19990604d1988----km-y0itay50------ba 101 0 $aita 102 $aIT 105 $aa-------00-y- 200 1 $aFigli in provetta$fGiovanni Maria Pace 210 $aRoma$aBari$cLaterza$d1988 215 $a156 p.$cill.$d21 cm 225 1 $a<>Robinson 610 0 $aFecondazione artificiale 676 $a618.178059$v21$zita 700 1$aPace,$bGiovanni Maria$f<1938- >$0158511 801 0$aIT$bUNINA$gREICAT$2UNIMARC 901 $aBK 912 $a990004090860403321 952 $a618.178 PAC 1$bBIBL.4764$fFLFBC 959 $aFLFBC 996 $aFigli in provetta$9479310 997 $aUNINA LEADER 00891nam0-22003131i-450- 001 990003994200403321 005 20040126133946.0 010 $a0-19-509686-X 035 $a000399420 035 $aFED01000399420 035 $a(Aleph)000399420FED01 035 $a000399420 100 $a20040126d1998----km-y0itay50------ba 101 0 $aeng 102 $aUS 200 1 $aTex unbound$elatex & tex strategies for font, graphics, & more$fAlan Hoenig 210 $aNew York$cOxford University Press$d1998 215 $aix, 580 p.$d24 cm 610 0 $aTex$amanuali$atipografia matematica 610 0 $aComposizione tipografica computerizzata 676 $a686.225.44 700 1$aHoenig,$bAlan$0150954 801 0$aIT$bUNINA$gRICA$2UNIMARC 901 $aBK 912 $a990003994200403321 952 $aV-D-55$b9630$fMAS 959 $aMAS 996 $aTex unbound$9471797 997 $aUNINA LEADER 05059nam 2200721 a 450 001 9910672279503321 005 20221107170715.0 010 $a958-648-882-9 010 $a1-4619-1180-X 010 $a1-4492-6164-7 035 $a(CKB)2670000000186358 035 $a(EBL)3197064 035 $a(OCoLC)923030629 035 $a(SSID)ssj0001020565 035 $a(PQKBManifestationID)11538638 035 $a(PQKBTitleCode)TC0001020565 035 $a(PQKBWorkID)10991221 035 $a(PQKB)11590747 035 $a(MiAaPQ)EBC3197064 035 $a(OCoLC)929338187 035 $a(FlNmELB)ELB96907 035 $a(EXLCZ)992670000000186358 100 $a20201203e2011 || | 101 0 $aspa 135 $aur|n|---||||| 181 $ctxt 182 $cc 183 $acr 200 10$aContabilidad general$b[recurso electronico] /$fA?ngel Mari?a Fierro Marti?nez 205 $a4a. ed. 210 $aBogota? $cEcoe Ediciones$d2011 215 $a1 online resource (390 p.) 225 0 $aCiencias administrativas. Contabilidad y finanzas 300 $aDescription based upon print version of record. 311 $a958-648-697-4 327 $aContabilidad general (4a. ed.); Pa?gina legal; Contenido; Presentacio?n; Nu?cleo del problema; Competencias; Metodologi?a; Sistema de Informacio?n en Li?nea SIL; Recursos virtuales; Capi?tulo I; Nu?cleo del problema; Competencias; 1. Desarrollo histo?rico; 2. Reglamentacio?n vigente; 3. Definicio?n de contabilidad; 4. Clases de contabilidad; 5. Ejercicio del contador pu?blico; 6. Resumen; 7. Actividades de aprendizaje; Capi?tulo II; Nu?cleo del problema; Competencias; 1. Principios o normas de contabilidad; 2. Normas ba?sicas; 2.1 Ente econo?mico; 2.2 Continuidad; 2.3 Unidad de medida; 2.4 Peri?odo contable 327 $a2.5 Valuacio?n o medicio?n2.6 Esencia sobre la forma; 2.7 Realizacio?n; 2.8 Asociacio?n o relacio?n de causalidad; 2.9 Mantenimiento del patrimonio; 2.10 Revelacio?n plena; 2.11 Importancia relativa o materialidad; 2.12 Prudencia; 2.13 Caracteri?sticas y pra?cticas de cada actividad; 3. Normas te?cnicas generales; 3.1 Reconocimiento de los hechos econo?micos; 3.2 Contabilidad de causacio?n o por acumulacio?n; 3.3 Medicio?n al valor histo?rico; 3.4 Moneda funcional; 3.5 Ajuste de la unidad de medida; 3.6 Provisiones y contingencias; 3.7 Clasificacio?n de los hechos econo?micos 327 $a3.8 Asignacio?n de costos y gastos3.9 Diferimiento de ingresos y gastos; 3.10 Asientos contables; 3.11 Verificacio?n de las afirmaciones; 3.12 Ajustes; 3.13 Informacio?n posterior a la fecha de cierre; 3.14 Cierre contable; 4. Primaci?a de las normas de contabilidad; 5. Resumen; 6. Actividades de aprendizaje; Capi?tulo III; Nu?cleo del problema; Competencias; 1. Actividades de comercio; 2. Elementos de comercio; 3. Entes econo?micos individuales; 4. Entes econo?micos juri?dicos; 5. Clasificacio?n de los entes econo?micos; 6. Clases de sociedades comerciales; 7. Transacciones comerciales 327 $a8. Formalidades de los entes econo?micos9. Resumen; 10. Actividades de aprendizaje; Capi?tulo IV; Nu?cleo del problema; Competencias; 1. Definicio?n; 2. Cuenta; 3. Plan de cuentas; 4. Documentos soportes; 5. Libros de contabilidad; 6. Ajustes contables; 7. Informes; 8. Resumen; 9. Actividades de aprendizaje; Capi?tulo V; Nu?cleo del problema; Competencias; 1. Cuentas del activo; 2. Activo corriente; 3. Activo no corriente; 4. Activo diferido; 5. Otros activos; 6. Resumen; 7. Actividades de aprendizaje; Capi?tulo VI; Nu?cleo del problema; Competencias; 1. Pasivo corriente; 2. Pasivo estimado 327 $a3. Pasivo diferido4. Otros pasivos; 5. Resumen; 6. Actividades de aprendizaje; Capi?tulo VII; Nu?cleo del problema; Competencias; 1. Capital; 2. Supera?vit; 3. Resumen; 4. Actividades de aprendizaje; Capi?tulo VIII; Nu?cleo del problema; Competencias; 1. Ingresos; 2. Gastos; 3. Costos; 4. Impuestos; 5. Resultados del ejercicio; 6. Resumen; 7. Actividades de aprendizaje; Capi?tulo IX; Nu?cleo del problema; Competencias; 1. Apertura del negocio; 2. Apertura contable; 3. Organizacio?n y puesta en marcha; 4. Actividades de operacio?n; 5. Resumen; 6. Actividades de aprendizaje; Capi?tulo X 327 $aNu?cleo del problema 606 $aContabilidad$xEnsen?anza 606 $aActivos (Contabilidad) 606 $aPasivos (Contabilidad) 606 $aAccounting 606 $aAssets (Accounting) 606 $aLiabilities (Accounting) 615 4$aContabilidad$xEnsen?anza. 615 4$aActivos (Contabilidad) 615 4$aPasivos (Contabilidad) 615 4$aAccounting. 615 4$aAssets (Accounting) 615 4$aLiabilities (Accounting) 676 $a657 700 $aFierro Marti?nez$b A?ngel Mari?a$01333260 712 02$ae-libro, Corp. 801 0$bMiAaPQ 801 1$bMiAaPQ 801 2$bMiAaPQ 906 $aBOOK 912 $a9910672279503321 996 $aContabilidad general$93055308 997 $aUNINA LEADER 02239nam 2200565 450 001 9910825712603321 005 20230803030543.0 010 $a1-78084-207-4 035 $a(CKB)2670000000391289 035 $a(EBL)1179630 035 $a(OCoLC)851970658 035 $a(SSID)ssj0001526192 035 $a(PQKBManifestationID)11834621 035 $a(PQKBTitleCode)TC0001526192 035 $a(PQKBWorkID)11505974 035 $a(PQKB)10487917 035 $a(MiAaPQ)EBC1179630 035 $a(Au-PeEL)EBL1179630 035 $a(EXLCZ)992670000000391289 100 $a20220517d2013 uy 0 101 0 $aeng 135 $aur|n|---||||| 181 $ctxt 182 $cc 183 $acr 200 00$aCancer cachexia /$feditors Josep M. Argile?s, Silvia Busquets 205 $a1st ed. 210 1$aLondon, England :$cFuture Medicine Ltd.,$d[2013] 210 4$dİ2013 215 $a1 online resource (77 p.) 300 $aDescription based upon print version of record. 311 $a1-78084-209-0 327 $aTitle page; Copyright page; Contents; Foreword. Cancer cachexia; 1. Prevalence and clinical features of cancer cachexia; 2. Pathogenesis of cancer cachexia; 3. Current medications for cancer cachexia; 4. Latest developments in cachexia drug discovery: clinical trials; 5. Comorbidities and prognosis; Index 330 $aCancer cachexia is a multiorganic syndrome associated with neoplastic syndromes, characterized by a marked weight loss, anorexia, asthenia and anemia. This expertly authored book provides a comprehensive review of the mechanisms, mediators and treatment of cancer cachexia. The book represents a comprehensive expert review and summary of the current status of cancer cachexia and its therapy. 606 $aCancer$xNutritional aspects 606 $aCachexia 606 $aCachexia$xTreatment 615 0$aCancer$xNutritional aspects. 615 0$aCachexia. 615 0$aCachexia$xTreatment. 676 $a616.9940654 702 $aArgile?s$b Josep M. 702 $aBusquets$b Silvia 801 0$bMiAaPQ 801 1$bMiAaPQ 801 2$bMiAaPQ 906 $aBOOK 912 $a9910825712603321 996 $aCancer cachexia$93921496 997 $aUNINA